| 000 | 00546nam a22001697a 4500 | ||
|---|---|---|---|
| 005 | 20241122141658.0 | ||
| 008 | 241122b |||||||| |||| 00| 0 eng d | ||
| 020 | _a9780536261168 | ||
| 050 |
_aQA276.12 _b.S85 |
||
| 100 | _aSullivan, Michael III | ||
| 245 |
_aStatistics/ _binformed decisions using data _cMichael Sullivan, III |
||
| 250 | _bcustomised for Illinois Community College | ||
| 260 |
_aBoston _bPearson Custom Publishing _c2007 |
||
| 300 |
_axxviii. various paging _bill. some color _c27cm |
||
| 650 | _2Statistics | ||
| 942 |
_2lcc _cBK _n0 |
||
| 999 |
_c1442 _d1442 |
||